[Event "BL 0809 TV Tegernsee - Schachfr. Berlin"]
[Site "?"]
[Date "2008.10.05"]
[Round "2.2"]
[White "Khenkin, Igor"]
[Black "Miezis, Normunds"]
[Result "1-0"]
[WhiteElo "2655"]
[BlackElo "2540"]
[PlyCount "101"]
[EventDate "2008.??.??"]

1. d4 e6 2. c4 b6 3. e4 Bb7 4. Bd3 Bb4+ 5. Bd2 Qe7 6. Nf3 f5 7. exf5 exf5+ 8.
Kf1 Bxd2 9. Nbxd2 Nh6 10. Qe2 Qxe2+ 11. Kxe2 Nc6 12. Rhe1 O-O-O 13. Kf1 d5 14.
c5 Nb4 15. Bb1 bxc5 16. dxc5 d4 17. a3 Nd5 18. Nxd4 Nf4 19. N2f3 g5 20. Nxf5
Ba6+ 21. Kg1 Ne2+ 22. Kh1 Ng4 23. Ne7+ Kb7 24. Be4+ c6 25. Rf1 Nd4 26. Nxd4
Rxd4 27. Bxc6+ Kc7 28. Rfe1 Nxf2+ 29. Kg1 Nd3 30. Re4 Rdd8 31. b4 Rhf8 32. b5
Nxc5 33. bxa6 Nxe4 34. Bxe4 Rde8 35. Nd5+ Kd6 36. Nc3 Re5 37. Bxh7 Rc8 38. Ne4+
Ke6 39. g4 Rc6 40. Bf5+ Ke7 41. Nxg5 Rxa6 42. Kf2 Rea5 43. Re1+ Kf6 44. Ne4+
Kg7 45. a4 Rxa4 46. Nc5 Ra2+ 47. Kg3 Rc6 48. Nd7 Kh6 49. h3 Kg7 50. Re7+ Kh8
51. Ne5 1-0

[Event "BL 0809 TV Tegernsee - Schachfr. Berlin"]
[Site "?"]
[Date "2008.10.05"]
[Round "2.4"]
[White "Rozentalis, Eduardas"]
[Black "Lauber, Arnd"]
[Result "1/2-1/2"]
[WhiteElo "2599"]
[BlackElo "2502"]
[PlyCount "143"]
[EventDate "2008.??.??"]

1. e4 c6 2. c4 d5 3. exd5 cxd5 4. cxd5 Nf6 5. Nc3 Nxd5 6. Bc4 Nxc3 7. Qf3 e6 8.
dxc3 Be7 9. Qg3 O-O 10. Nf3 Nc6 11. O-O Qa5 12. Re1 Qh5 13. Bg5 Bxg5 14. Nxg5
Ne7 15. Bd3 Nf5 16. Qf4 h6 17. Nf3 Ne7 18. Qb4 Ng6 19. Rad1 a5 20. Qd4 b5 21.
Be4 Ra6 22. a3 e5 23. Qc5 Bg4 24. Rd6 Rxd6 25. Qxd6 Bxf3 26. Bxf3 Qg5 27. g3
Rd8 28. Qb6 Rd2 29. Qxb5 Qf5 30. Qb7 Qc2 31. Be4 Qxb2 32. Qxb2 Rxb2 33. Bxg6
fxg6 34. Rxe5 a4 35. Re4 Rb3 36. Rxa4 Rxc3 37. h4 Kf7 38. Kg2 Kf6 39. Rf4+ Ke6
40. Re4+ Kf6 41. Re3 Rc2 42. Kf3 g5 43. h5 g6 44. hxg6 Kxg6 45. Re6+ Kf5 46.
Ra6 h5 47. a4 Rc3+ 48. Kg2 Ra3 49. a5 Ra1 50. Kf3 Ra3+ 51. Kg2 Ra1 52. Ra8 g4
53. a6 Kg6 54. f4 gxf3+ 55. Kxf3 Ra4 56. Ke3 Kh7 57. Kd3 Ra3+ 58. Kc4 Rxg3 59.
Rd8 Ra3 60. Kb5 Kg6 61. Rd7 Rb3+ 62. Ka4 Rb8 63. Rd5 h4 64. Ka5 h3 65. a7 Re8
66. Rd3 h2 67. Rg3+ Kf5 68. Rh3 Re5+ 69. Kb6 Re6+ 70. Kb5 Re5+ 71. Kc4 Re4+ 72.
Kb5 1/2-1/2

[Event "BL 0809 TV Tegernsee - Schachfr. Berlin"]
[Site "?"]
[Date "2008.10.05"]
[Round "2.5"]
[White "Schneider, Ilja"]
[Black "Bischoff, Klaus"]
[Result "1/2-1/2"]
[WhiteElo "2468"]
[BlackElo "2545"]
[PlyCount "48"]
[EventDate "2008.??.??"]

1. d4 Nf6 2. Bg5 e6 3. e4 h6 4. Bxf6 Qxf6 5. Nc3 Bb4 6. Qd3 Nc6 7. O-O-O Bxc3
8. Qxc3 b6 9. g3 Bb7 10. Bh3 g5 11. Ne2 O-O-O 12. Rhf1 Ba6 13. e5 Qg6 14. Rfe1
Bb7 15. f4 Kb8 16. f5 Qh5 17. g4 Qh4 18. Qg3 Qxg3 19. Nxg3 Nb4 20. a3 Nd5 21.
Nh5 d6 22. c4 Nf4 23. Nxf4 gxf4 24. Rd2 Rhg8 1/2-1/2

[Event "BL 0809 TV Tegernsee - Schachfr. Berlin"]
[Site "?"]
[Date "2008.10.05"]
[Round "2.7"]
[White "Rudolf, Henrik"]
[Black "Hertneck, Gerald"]
[Result "0-1"]
[WhiteElo "2368"]
[BlackElo "2519"]
[PlyCount "80"]
[EventDate "2008.??.??"]

1. e4 e6 2. d4 d5 3. Nc3 Nc6 4. Bb5 Bb4 5. Nge2 dxe4 6. a3 Bxc3+ 7. Nxc3 Nge7
8. Nxe4 O-O 9. c3 e5 10. Bxc6 Nxc6 11. d5 Ne7 12. c4 b5 13. b3 bxc4 14. bxc4 f5
15. Nc3 f4 16. Ra2 Qd6 17. Ne4 Qa6 18. Qd3 Bf5 19. O-O Rad8 20. Rd2 f3 21. Qxf3
Qxc4 22. Ng3 Rxd5 23. Rxd5 Qxd5 24. Qe3 c5 25. Bb2 Nc6 26. Re1 Bd3 27. Bxe5
Qxe5 28. Qxe5 Nxe5 29. Rxe5 Rb8 30. h4 c4 31. Ne4 h6 32. Nc5 Rb1+ 33. Kh2 Ra1
34. a4 Bc2 35. Re7 Bd1 36. Ne6 c3 37. h5 c2 38. Rxg7+ Kh8 39. g4 c1=Q 40. Rf7
Qc8 0-1

[Event "BL 0809 TV Tegernsee - Schachfr. Berlin"]
[Site "?"]
[Date "2008.10.05"]
[Round "2.8"]
[White "Stangl, Markus"]
[Black "Thinius, Marco"]
[Result "1/2-1/2"]
[WhiteElo "2458"]
[BlackElo "2387"]
[PlyCount "107"]
[EventDate "2008.??.??"]

1. Nf3 b6 2. e4 Bb7 3. Nc3 c5 4. d4 cxd4 5. Nxd4 a6 6. Be3 e6 7. Qd2 Nf6 8. f3
Bb4 9. a3 Be7 10. e5 Nd5 11. Nxd5 Bxd5 12. Nf5 O-O 13. Nxe7+ Qxe7 14. Bxb6 Nc6
15. Qe3 Rfb8 16. O-O-O Qh4 17. Bc7 Rb7 18. Bd6 Qa4 19. Rd3 Na5 20. Rc3 Nc6 21.
Bd3 Nb4 22. Bxb4 Rxb4 23. Rd1 Rb7 24. Bf1 Qh4 25. h3 a5 26. Ba6 Rbb8 27. Rd4
Qe7 28. Bc4 Bc6 29. Rd6 a4 30. Kb1 Rb7 31. Ka2 g6 32. b4 axb3+ 33. cxb3 Rba7
34. b4 Rb7 35. Kb2 Qh4 36. Rd4 Qh5 37. Rg4 Ra5 38. f4 Ra8 39. Bd3 Qh6 40. Qg3
Qf8 41. f5 exf5 42. Bxf5 Qe7 43. Re3 Bd5 44. Rd4 Qc5 45. Qf4 gxf5 46. Rg3+ Kf8
47. Qh6+ Ke7 48. Qh4+ Kf8 49. Rc3 Qb5 50. Qf6 Qe2+ 51. Rc2 Qe3 52. Qh8+ Ke7 53.
Qf6+ Kf8 54. Qh8+ 1/2-1/2

[Event "BL 0809 Bayern Mümchen - Hamburger SK"]
[Site "?"]
[Date "2008.10.05"]
[Round "2.1"]
[White "Gustafsson, Jan"]
[Black "Bezold, Michael"]
[Result "1-0"]
[WhiteElo "2620"]
[BlackElo "2513"]
[PlyCount "41"]
[EventDate "2008.??.??"]

1. d4 Nf6 2. Nf3 c5 3. d5 d6 4. Nc3 g6 5. e4 Bg7 6. Bb5+ Nbd7 7. a4 O-O 8. O-O
Ne8 9. Re1 Nc7 10. Bf1 b6 11. Bf4 Ne5 12. Nxe5 Bxe5 13. Qd2 Bxf4 14. Qxf4 e5
15. dxe6 fxe6 16. Qg3 Bb7 17. Rad1 e5 18. Nb5 Rf6 19. Bc4+ Kf8 20. Nxd6 Rxd6
21. Qxe5 1-0

[Event "BL 0809 Bayern Mümchen - Hamburger SK"]
[Site "?"]
[Date "2008.10.05"]
[Round "2.2"]
[White "Belezky, Alexander"]
[Black "Baramidze, David"]
[Result "1/2-1/2"]
[WhiteElo "2466"]
[BlackElo "2593"]
[PlyCount "34"]
[EventDate "2008.??.??"]

1. e4 e5 2. Nf3 Nc6 3. Nc3 Nf6 4. d4 exd4 5. Nxd4 Bb4 6. Nxc6 bxc6 7. Bd3 d5 8.
exd5 cxd5 9. O-O O-O 10. Bg5 c6 11. Qf3 Bd6 12. Rfe1 Rb8 13. Rab1 h6 14. Bh4
Rb4 15. Bxf6 Qxf6 16. Qxf6 gxf6 17. a3 Rb8 1/2-1/2

[Event "BL 0809 Bayern Mümchen - Hamburger SK"]
[Site "?"]
[Date "2008.10.05"]
[Round "2.3"]
[White "Kempinski, Robert"]
[Black "Jorczik, Julian"]
[Result "1/2-1/2"]
[WhiteElo "2613"]
[BlackElo "2359"]
[PlyCount "134"]
[EventDate "2008.??.??"]

1. Nf3 Nf6 2. c4 g6 3. b4 Bg7 4. Bb2 O-O 5. e3 c6 6. d4 d5 7. Nbd2 Bf5 8. Be2
Nbd7 9. O-O Qb6 10. Qb3 a5 11. a3 Rfc8 12. Rfc1 axb4 13. axb4 Qd8 14. h3 h6 15.
b5 Be6 16. Qb4 Rxa1 17. Rxa1 Ra8 18. Ra3 Bf8 19. c5 Qb8 20. b6 Ne4 21. Nb3 Bg7
22. Ra5 Qc8 23. Rxa8 Qxa8 24. Qa3 Qxa3 25. Bxa3 Nb8 26. Na5 Bc8 27. Bb4 Kf8 28.
Bd3 Nf6 29. Ne5 Ke8 30. f4 Nfd7 31. Nf3 f5 32. g4 e6 33. Be1 Bf8 34. Nb3 Be7
35. Kg2 Kf7 36. Bh4 Bxh4 37. Nxh4 Nf6 38. Nf3 Nfd7 39. Kg3 Kg7 40. Na5 Kf7 41.
Bf1 Kg7 42. Be2 Kf7 43. h4 Kg7 44. h5 fxg4 45. Kxg4 e5 46. Kh4 exf4 47. exf4
gxh5 48. Ne5 Nf6 49. Bf1 Ne4 50. Bh3 Bxh3 51. Kxh3 Nc3 52. Nxb7 Ne2 53. Nf3 Kf6
54. Nd6 Nxf4+ 55. Kh4 Kg6 56. Kg3 Ne6 57. Kf2 Kf6 58. Ke3 Ng7 59. Kf4 Ne6+ 60.
Kg3 Kg7 61. Ne8+ Kg6 62. Nc7 Ng5 63. Nh4+ Kf6 64. Kf4 Nh3+ 65. Kg3 Ng5 66. Ne8+
Kf7 67. Nd6+ Kf8 1/2-1/2

[Event "BL 0809 Bayern Mümchen - Hamburger SK"]
[Site "?"]
[Date "2008.10.05"]
[Round "2.4"]
[White "Reiss, Tibor"]
[Black "Ftacnik, Lubomir Dr"]
[Result "1/2-1/2"]
[WhiteElo "2404"]
[BlackElo "2544"]
[PlyCount "94"]
[EventDate "2008.??.??"]

1. d4 Nf6 2. Bg5 e6 3. e4 h6 4. Bxf6 Qxf6 5. Nc3 Bb4 6. Qd3 d6 7. Nf3 Nd7 8. a3
Ba5 9. b4 Bb6 10. Na4 e5 11. c3 O-O 12. Be2 Re8 13. O-O Nf8 14. Nxb6 axb6 15.
d5 Ng6 16. Rfc1 Nf4 17. Qe3 c6 18. c4 c5 19. Ne1 Qg5 20. Rcb1 Nh3+ 21. Kf1 Qxe3
22. fxe3 Ng5 23. Bd3 Kf8 24. Nf3 Nh7 25. Ng1 Ra7 26. Ne2 Bd7 27. b5 Rea8 28.
Rb3 g6 29. Ng3 h5 30. h4 g5 31. hxg5 h4 32. Nh1 Nxg5 33. Nf2 Ke7 34. Ke2 h3 35.
gxh3 Nxh3 36. Nxh3 Bxh3 37. Rh1 Bg4+ 38. Kd2 Rxa3 39. Rxa3 Rxa3 40. Rh8 Ra2+
41. Ke1 Bf3 42. Rb8 Ra7 43. Rh8 Ra3 44. Kd2 Ra2+ 45. Ke1 Ra3 46. Kd2 Ra2+ 47.
Ke1 Ra3 1/2-1/2

[Event "BL 0809 Bayern Mümchen - Hamburger SK"]
[Site "?"]
[Date "2008.10.05"]
[Round "2.6"]
[White "Heinzel, Olaf"]
[Black "Beikert, Guenther Dr"]
[Result "1-0"]
[WhiteElo "2386"]
[BlackElo "2470"]
[PlyCount "73"]
[EventDate "2008.??.??"]

1. d4 Nf6 2. Nf3 g6 3. g3 Bg7 4. Bg2 O-O 5. O-O c5 6. c4 cxd4 7. Nxd4 Nc6 8.
Nc3 Nxd4 9. Qxd4 d6 10. Qd3 a6 11. Bd2 Rb8 12. Rac1 b5 13. cxb5 axb5 14. b4 Qb6
15. Nd5 Nxd5 16. Bxd5 Bb7 17. Be3 Qd8 18. Rc2 e6 19. Bb3 Qd7 20. Rfc1 Rfc8 21.
Rxc8+ Bxc8 22. Qc2 Ra8 23. a4 Bb7 24. a5 Rc8 25. Qd2 Rc6 26. f3 Qc7 27. Rxc6
Qxc6 28. Bd4 e5 29. Bb2 e4 30. Bxg7 exf3 31. Qf4 Kxg7 32. Qxf7+ Kh6 33. Qf8+
Kh5 34. Qxf3+ Qxf3 35. exf3 Bxf3 36. a6 Kg5 37. Be6 1-0

[Event "BL 0809 Bayern Mümchen - Hamburger SK"]
[Site "?"]
[Date "2008.10.05"]
[Round "2.7"]
[White "Reeh, Oliver"]
[Black "Deglmann, Ludwig"]
[Result "1-0"]
[WhiteElo "2429"]
[BlackElo "2336"]
[PlyCount "137"]
[EventDate "2008.??.??"]

1. e4 g6 2. d4 Bg7 3. Nf3 d6 4. Nc3 a6 5. a4 b6 6. Bc4 e6 7. O-O Ne7 8. Re1 h6
9. e5 d5 10. Ba2 Qd7 11. a5 Nbc6 12. axb6 cxb6 13. Na4 Rb8 14. c3 a5 15. b3 O-O
16. Bb1 Ba6 17. h4 f5 18. exf6 Rxf6 19. Nh2 Nf5 20. Ng4 Rff8 21. Bf4 Rbe8 22.
Ne5 Nxe5 23. Bxe5 Qd8 24. Qg4 Kh7 25. h5 g5 26. f4 Bb5 27. fxg5 hxg5 28. Ra2
Bxa4 29. bxa4 Kh6 30. Rae2 Bxe5 31. Rxe5 Ng7 32. Bg6 Rf4 33. Qe2 Ref8 34. Qe3
Qf6 35. Bd3 Rc8 36. Qh3 Rc6 37. Bb5 Rd6 38. Qd3 Nxh5 39. R5e3 g4 40. Re5 g3 41.
Rxh5+ Kxh5 42. Qxg3 Kh6 43. Re5 Rh4 44. Be8 Rd8 45. Rxe6 Qxe6 46. Qxh4+ Kg7 47.
Qxd8 Qe3+ 48. Kh2 Qh6+ 49. Kg3 Qe3+ 50. Kh4 Qe1+ 51. g3 Qe4+ 52. Kg5 Qe3+ 53.
Kf5 Qe4+ 54. Kg5 Qe3+ 55. Kh5 Qh6+ 56. Kg4 Qe6+ 57. Kf3 Qe4+ 58. Kf2 Qc2+ 59.
Kg1 Qd1+ 60. Kh2 Qe2+ 61. Kh3 Qf1+ 62. Kh4 Qh1+ 63. Kg5 Qh6+ 64. Kf5 Qh3+ 65.
Ke5 Qxg3+ 66. Kxd5 Qf3+ 67. Kd6 Qg3+ 68. Kc6 Qxc3+ 69. Kxb6 1-0

[Event "BL 0809 Bayern Mümchen - Hamburger SK"]
[Site "?"]
[Date "2008.10.05"]
[Round "2.8"]
[White "Unzicker, Ferdinand Dr"]
[Black "Sebastian, Dirk"]
[Result "0-1"]
[WhiteElo "2308"]
[BlackElo "2432"]
[PlyCount "62"]
[EventDate "2008.??.??"]

1. c4 g6 2. Nc3 Bg7 3. g3 e5 4. Bg2 Nc6 5. e4 d6 6. Nge2 h5 7. h4 Bg4 8. f3 Be6
9. Nd5 Nce7 10. d4 c6 11. Ne3 Nf6 12. d5 Bc8 13. Qc2 O-O 14. Nd1 b5 15. b3 Ba6
16. Be3 Rc8 17. Bh3 cxd5 18. Bxc8 Qxc8 19. exd5 bxc4 20. bxc4 Nexd5 21. Bd2 Nb6
22. Ne3 Nxc4 23. Nxc4 Bxc4 24. Rc1 d5 25. Nc3 Qa8 26. Kf2 e4 27. Nxe4 dxe4 28.
Qxc4 exf3 29. Bf4 Ng4+ 30. Kf1 Rd8 31. Qc7 Qd5 0-1

[Event "BL 0809 OSC Baden Baden - SC Remagen"]
[Site "?"]
[Date "2008.10.05"]
[Round "2.1"]
[White "Fedorchuk, Sergey"]
[Black "Shirov, Alexei"]
[Result "1-0"]
[WhiteElo "2624"]
[BlackElo "2741"]
[PlyCount "69"]
[EventDate "2008.??.??"]

1. e4 c5 2. Nf3 Nc6 3. Nc3 e5 4. Bc4 Be7 5. d3 d6 6. Nd2 Bg5 7. Nf1 Nh6 8. Ng3
O-O 9. O-O Kh8 10. f4 Bg4 11. Qe1 Bh4 12. fxe5 Nd4 13. Bxh6 gxh6 14. Qd2 Bg5
15. Qf2 dxe5 16. Nf5 Rc8 17. a4 Rc6 18. Nd5 Bxf5 19. exf5 Rd6 20. c3 Nc6 21.
Qxc5 b6 22. Qa3 Rg8 23. Qa2 h5 24. Rae1 f6 25. b4 Rg7 26. Re4 Rgd7 27. Bb5 h4
28. c4 Rg7 29. Bxc6 Rxc6 30. Qe2 Rc8 31. d4 exd4 32. Rxd4 Qe8 33. Qe6 Rd8 34.
Re1 Qxa4 35. Nxb6 1-0

[Event "BL 0809 OSC Baden Baden - SC Remagen"]
[Site "?"]
[Date "2008.10.05"]
[Round "2.2"]
[White "Movsesian, Sergej"]
[Black "Goloshchapov, Alexander"]
[Result "1-0"]
[WhiteElo "2723"]
[BlackElo "2579"]
[PlyCount "59"]
[EventDate "2008.??.??"]

1. e4 e6 2. d4 d5 3. e5 c5 4. c3 Nc6 5. Nf3 Bd7 6. Be2 Rc8 7. h4 Qb6 8. O-O Nh6
9. dxc5 Bxc5 10. b4 Be7 11. Bd3 Ng4 12. Qe2 f6 13. exf6 Bxf6 14. Bg5 Nce5 15.
Nxe5 Nxe5 16. Qh5+ g6 17. Qe2 Bg7 18. Be3 Qc7 19. Bf4 O-O 20. Bg3 Rf7 21. h5
gxh5 22. Qxh5 Nxd3 23. Bxc7 Rxc7 24. g3 e5 25. Nd2 Rxc3 26. Rad1 Rc6 27. Nf3
Rf5 28. Qh4 Rcf6 29. Rxd3 e4 30. Rc3 1-0

[Event "BL 0809 OSC Baden Baden - SC Remagen"]
[Site "?"]
[Date "2008.10.05"]
[Round "2.5"]
[White "Dgebuadze, Alexandre"]
[Black "Caruana, Fabiano"]
[Result "1/2-1/2"]
[WhiteElo "2562"]
[BlackElo "2630"]
[PlyCount "40"]
[EventDate "2008.??.??"]

1. e4 e6 2. d4 d5 3. exd5 exd5 4. Nf3 Nf6 5. Bd3 c5 6. O-O c4 7. Re1+ Be7 8.
Bf1 Bg4 9. b3 cxb3 10. axb3 Nc6 11. Ba3 O-O 12. Bxe7 Nxe7 13. h3 Bh5 14. Nbd2
Qc7 15. Qc1 Bg6 16. c3 a6 17. Qa3 Nc6 18. b4 Rac8 19. b5 axb5 20. Bxb5 Be4
1/2-1/2

[Event "BL 0809 OSC Baden Baden - SC Remagen"]
[Site "?"]
[Date "2008.10.05"]
[Round "2.6"]
[White "Dautov, Rustem"]
[Black "Degraeve, Jean-Marc"]
[Result "1/2-1/2"]
[WhiteElo "2601"]
[BlackElo "2523"]
[PlyCount "39"]
[EventDate "2008.??.??"]

1. d4 Nf6 2. c4 g6 3. g3 Bg7 4. Bg2 O-O 5. Nc3 c5 6. d5 d6 7. Nf3 e6 8. O-O
exd5 9. cxd5 Re8 10. a4 a6 11. Re1 Nbd7 12. Bf4 Nh5 13. Bg5 Qc7 14. e4 h6 15.
Bd2 Rb8 16. Bf1 Ne5 17. Nxe5 Rxe5 18. h3 Re8 19. Rb1 Bd7 20. Qf3 1/2-1/2

[Event "BL 0809 OSC Baden Baden - SC Remagen"]
[Site "?"]
[Date "2008.10.05"]
[Round "2.7"]
[White "Mainka, Romuald"]
[Black "Schlosser, Philipp"]
[Result "1/2-1/2"]
[WhiteElo "2480"]
[BlackElo "2568"]
[PlyCount "52"]
[EventDate "2008.??.??"]

1. e4 e5 2. Nf3 Nc6 3. Bb5 a6 4. Ba4 Nf6 5. d3 d6 6. c3 g6 7. Nbd2 Bg7 8. Nf1
O-O 9. Ng3 Qe7 10. O-O Bd7 11. Re1 Rae8 12. h3 Kh8 13. d4 Ng8 14. Be3 f6 15.
Bc2 Bh6 16. Bxh6 Nxh6 17. Qd2 Qg7 18. Rad1 Nd8 19. Ne2 Ndf7 20. Nh2 f5 21. exf5
gxf5 22. Kh1 Rg8 23. Rg1 Bb5 24. Ng3 f4 25. Ne4 d5 26. Nc5 exd4 1/2-1/2

[Event "BL 0809 OSC Baden Baden - SC Remagen"]
[Site "?"]
[Date "2008.10.05"]
[Round "2.8"]
[White "Doettling, Fabian"]
[Black "Swinkels, Robin"]
[Result "1-0"]
[WhiteElo "2562"]
[BlackElo "2459"]
[PlyCount "99"]
[EventDate "2008.??.??"]

1. Nf3 Nf6 2. c4 b6 3. d4 e6 4. g3 Bb7 5. Bg2 Be7 6. O-O O-O 7. Re1 a5 8. Nc3
Ne4 9. Qd3 Nxc3 10. bxc3 f5 11. Ne5 Bxg2 12. Kxg2 Bf6 13. Ba3 d6 14. Nf3 Qd7
15. e4 Qa4 16. Bc1 Nc6 17. Bg5 Bd8 18. exf5 exf5 19. c5 h6 20. Bxd8 Raxd8 21.
cxb6 cxb6 22. d5 Nb8 23. Nd4 Nd7 24. Nxf5 Ne5 25. Ne7+ Kh8 26. Rxe5 dxe5 27.
Ng6+ Kg8 28. Nxf8 Rxf8 29. Qe2 e4 30. c4 b5 31. cxb5 Qd4 32. Rd1 Rxf2+ 33. Kg1
Rxe2+ 34. Rxd4 Kf7 35. a4 e3 36. Re4 g5 37. d6 Rd2 38. Rxe3 Rxd6 39. Rb3 Rb6
40. Rc3 Ke6 41. Rc7 Rd6 42. Ra7 Kf5 43. Rxa5 Ke4 44. Ra8 g4 45. Re8+ Kf3 46.
Re1 Rd4 47. a5 Rb4 48. b6 Rb2 49. Rf1+ Ke3 50. Ra1 1-0

[Event "BL 0809 SC Eppingen - SG Turm Trier"]
[Site "?"]
[Date "2008.10.05"]
[Round "2.2"]
[White "Braun, Arik"]
[Black "Bobras, Piotr"]
[Result "0-1"]
[WhiteElo "2533"]
[BlackElo "2561"]
[PlyCount "80"]
[EventDate "2008.??.??"]

1. Nf3 Nf6 2. c4 g6 3. Nc3 d5 4. Qa4+ Bd7 5. Qb3 dxc4 6. Qxc4 a6 7. d4 b5 8.
Qb3 c5 9. dxc5 Bg7 10. e4 O-O 11. Be2 Be6 12. Qc2 Nbd7 13. Be3 Rc8 14. c6 Rxc6
15. Nd4 Rd6 16. Nxe6 Rxe6 17. f3 Qa5 18. O-O Rc8 19. Rfd1 Nb6 20. Qb3 Nfd7 21.
Nd5 Nxd5 22. exd5 Rxe3 23. Qxe3 Bxb2 24. Rab1 Ba3 25. Kf1 Nb6 26. Rd4 Rc2 27.
Bd1 Nc4 28. Rxc4 Rxc4 29. d6 Bxd6 30. Bb3 Rc3 31. Qe4 b4 32. Rd1 Qb5+ 33. Kf2
Qc5+ 34. Kf1 Qb5+ 35. Kg1 a5 36. g3 a4 37. Qa8+ Kg7 38. Bxa4 Qc5+ 39. Kh1 Ra3
40. Qe8 Qf2 0-1

[Event "BL 0809 SC Eppingen - SG Turm Trier"]
[Site "?"]
[Date "2008.10.05"]
[Round "2.4"]
[White "Bindrich, Falko"]
[Black "Lupulescu, Constantin"]
[Result "1/2-1/2"]
[WhiteElo "2516"]
[BlackElo "2589"]
[PlyCount "99"]
[EventDate "2008.??.??"]

1. d4 Nf6 2. Nf3 g6 3. Bg5 Bg7 4. Nbd2 c5 5. c3 O-O 6. Bxf6 Bxf6 7. Ne4 Qb6 8.
Qb3 d6 9. Nxf6+ exf6 10. e3 Be6 11. Qxb6 axb6 12. a3 d5 13. Be2 Nc6 14. O-O
Rfc8 15. Nd2 f5 16. Rad1 f4 17. exf4 cxd4 18. Nb1 dxc3 19. Nxc3 d4 20. Ne4 Rd8
21. Ng5 Bb3 22. Rd2 Ra5 23. Nf3 Rc5 24. h4 Rc2 25. Bd3 Rc5 26. Re1 b5 27. Kh2
b6 28. g4 h5 29. g5 b4 30. Be4 bxa3 31. bxa3 Bd5 32. Nxd4 Bxe4 33. Rxe4 Rc3 34.
Rc2 Rxc2 35. Nxc2 Rd2 36. Ne3 Rxf2+ 37. Kg3 Rd2 38. f5 gxf5 39. Nxf5 Kh7 40. a4
Kg6 41. Ne3 Nd4 42. Nc4 Nf5+ 43. Kh3 Rd3+ 44. Kg2 Nd6 45. Nxd6 Rxd6 46. Rf4 f6
47. gxf6 Rxf6 48. Rb4 Kh6 49. Kg3 Kg6 50. Rb5 1/2-1/2

[Event "BL 0809 SC Eppingen - SG Turm Trier"]
[Site "?"]
[Date "2008.10.05"]
[Round "2.5"]
[White "Svetushkin, Dmitry"]
[Black "Acs, Peter"]
[Result "0-1"]
[WhiteElo "2587"]
[BlackElo "2544"]
[PlyCount "148"]
[EventDate "2008.??.??"]

1. d4 d5 2. c4 c6 3. Nf3 Nf6 4. e3 Bg4 5. Nc3 e6 6. h3 Bxf3 7. Qxf3 Nbd7 8. Bd3
Bb4 9. a3 Ba5 10. O-O O-O 11. Rd1 Qe7 12. b4 Bc7 13. Bb2 Nb6 14. c5 Nbd7 15.
Qe2 e5 16. e4 exd4 17. exd5 dxc3 18. Qxe7 cxb2 19. Rab1 Rae8 20. Qxe8 Rxe8 21.
d6 Bd8 22. Rxb2 g6 23. Re2 Rxe2 24. Bxe2 Ne4 25. Re1 Kf8 26. Bg4 Nef6 27. Bf3
h5 28. g3 Ne8 29. Rc1 Ng7 30. b5 Ne6 31. bxc6 bxc6 32. Bxc6 Ndxc5 33. Kg2 Bb6
34. Rd1 Nd8 35. Bb5 Ne4 36. Bc4 Bc5 37. d7 Nf6 38. Rd3 Ke7 39. Bb5 Nb7 40. Rf3
Bb6 41. Bc6 Nd6 42. d8=Q+ Bxd8 43. Re3+ Kf8 44. Rd3 Bc7 45. Rf3 Nf5 46. Rc3 Bb6
47. a4 Ke7 48. Rd3 Nd6 49. Rb3 Nfe4 50. Rb2 f5 51. Rc2 Kf6 52. f4 Ke6 53. Kf3
Nf6 54. Ra2 Nde4 55. a5 Bd4 56. a6 Kd6 57. Bb7 Bc3 58. Bc8 Nc5 59. Rc2 Nd5 60.
g4 Nb3 61. Kf2 Nd4 62. Rc1 Bd2 63. Rb1 Bxf4 64. gxh5 gxh5 65. Rb7 Be3+ 66. Kf1
Ne7 67. Rd7+ Ke6 68. Rxd4+ Nxc8 69. Rh4 Nd6 70. Rxh5 Nf7 71. Ke2 Bg5 72. h4 Bh6
73. Kf1 Ke7 74. Ke2 Be3 0-1

[Event "BL 0809 SC Eppingen - SG Turm Trier"]
[Site "?"]
[Date "2008.10.05"]
[Round "2.6"]
[White "Medvegy, Zoltan"]
[Black "Jaracz, Pawel"]
[Result "1/2-1/2"]
[WhiteElo "2556"]
[BlackElo "2501"]
[PlyCount "69"]
[EventDate "2008.??.??"]

1. d4 Nf6 2. c4 g6 3. g3 Bg7 4. Bg2 O-O 5. Nc3 d6 6. Nf3 Nc6 7. O-O Bf5 8. d5
Na5 9. Nd4 Bd7 10. b3 c5 11. dxc6 bxc6 12. Bb2 Qc8 13. Qd2 Bh3 14. Rfd1 Bxg2
15. Kxg2 Nb7 16. Rac1 a5 17. Na4 Qc7 18. Qe3 Rfe8 19. Nf3 e5 20. c5 Nd5 21. Qe4
Nb4 22. cxd6 Nxd6 23. Qb1 e4 24. Ne1 Bh6 25. a3 Na6 26. e3 Nf5 27. Rc4 Bxe3 28.
Rxe4 Nc5 29. Nxc5 Bxc5 30. Qc2 Bf8 31. Nf3 c5 32. g4 Ng7 33. Rde1 Rxe4 34. Qxe4
Re8 35. Qc4 1/2-1/2

[Event "BL 0809 SC Eppingen - SG Turm Trier"]
[Site "?"]
[Date "2008.10.05"]
[Round "2.7"]
[White "Flumbort, Andras"]
[Black "Guliyev, Namig"]
[Result "1/2-1/2"]
[WhiteElo "2495"]
[BlackElo "2510"]
[PlyCount "69"]
[EventDate "2008.??.??"]

1. d4 d5 2. c4 dxc4 3. Nf3 Nf6 4. e3 e6 5. Bxc4 a6 6. Bb3 c5 7. O-O Nc6 8. Nc3
Be7 9. dxc5 Qxd1 10. Rxd1 Bxc5 11. Bd2 Bd7 12. Rac1 Ba7 13. Be1 Ke7 14. Na4
Rhd8 15. Nc5 Bxc5 16. Rxc5 Be8 17. Rdc1 Ne4 18. R5c2 e5 19. Nd2 Nxd2 20. Rxd2
Rxd2 21. Bxd2 Rd8 22. Be1 f6 23. Bd1 Bf7 24. a3 Bd5 25. f3 e4 26. f4 Ke6 27.
Be2 Ne7 28. g4 g6 29. Kf2 Rc8 30. Rc3 Rxc3 31. Bxc3 Bb3 32. Ke1 b5 33. Kd2 Nd5
34. Bd4 Bc4 35. Bd1 1/2-1/2

[Event "BL 0809 SC Eppingen - SG Turm Trier"]
[Site "?"]
[Date "2008.10.05"]
[Round "2.8"]
[White "Vogt, Lothar"]
[Black "Seger, Ruediger"]
[Result "1/2-1/2"]
[WhiteElo "2446"]
[BlackElo "2397"]
[PlyCount "44"]
[EventDate "2008.??.??"]

1. e4 c6 2. c4 d5 3. exd5 cxd5 4. cxd5 Nf6 5. Nc3 Nxd5 6. Nf3 Nc6 7. d4 e6 8.
Bd3 Be7 9. O-O O-O 10. Re1 Bf6 11. Be4 Nce7 12. Qd3 h6 13. Bd2 Bd7 14. Bxd5
exd5 15. Bf4 Be6 16. Be5 Nc6 17. h3 Be7 18. Rad1 Qd7 19. Bf4 Bb4 20. a3 Bf5 21.
Qd2 Bxc3 22. Qxc3 Nb8 1/2-1/2

[Event "BL 0809 SC Kreuzberg - Werder Bremen"]
[Site "?"]
[Date "2008.10.05"]
[Round "2.3"]
[White "Efimenko, Zahar"]
[Black "Luther, Thomas"]
[Result "1/2-1/2"]
[WhiteElo "2670"]
[BlackElo "2570"]
[PlyCount "77"]
[EventDate "2008.??.??"]

1. e4 e6 2. d4 d5 3. Nc3 Nf6 4. e5 Nfd7 5. f4 c5 6. Nf3 Nc6 7. Be3 cxd4 8. Nxd4
Bc5 9. Qd2 O-O 10. O-O-O Qe7 11. Kb1 f6 12. exf6 Nxf6 13. Be2 Bb4 14. Qd3 e5
15. Nxc6 bxc6 16. fxe5 Ng4 17. Bd4 Nxe5 18. Qe3 Ng4 19. Qxe7 Bxe7 20. Bf3 Rd8
21. h3 Nh6 22. g4 Nf7 23. Rhe1 Bh4 24. Re3 Ng5 25. Bg2 Ne6 26. Ne2 Nxd4 27.
Nxd4 Bd7 28. c4 dxc4 29. Nxc6 Bxc6 30. Rxd8+ Rxd8 31. Bxc6 Bg5 32. Re8+ Rxe8
33. Bxe8 Kf8 34. Bb5 Ke7 35. Bxc4 Kd6 36. Kc2 Kc5 37. Kd3 h6 38. a3 a5 39. Bf7
1/2-1/2

[Event "BL 0809 SC Kreuzberg - Werder Bremen"]
[Site "?"]
[Date "2008.10.05"]
[Round "2.4"]
[White "Shengelia, Davit"]
[Black "Areshchenko, Alexander"]
[Result "1/2-1/2"]
[WhiteElo "2569"]
[BlackElo "2664"]
[PlyCount "48"]
[EventDate "2008.??.??"]

1. d4 Nf6 2. c4 g6 3. Nf3 Bg7 4. g3 d5 5. cxd5 Nxd5 6. Bg2 Nb6 7. Nc3 Nc6 8.
O-O Nxd4 9. Nxd4 Qxd4 10. a4 Qxd1 11. Rxd1 Bxc3 12. bxc3 a5 13. Bf4 c6 14. Bc7
Nd5 15. Bxd5 cxd5 16. Rxd5 Be6 17. Re5 Bd7 18. Bxa5 f6 19. Rc5 Kf7 20. Bb4 Rhc8
21. Rxc8 Bxc8 22. Bc5 Ra5 23. Bb6 Rd5 24. Bd4 Ra5 1/2-1/2

[Event "BL 0809 SC Kreuzberg - Werder Bremen"]
[Site "?"]
[Date "2008.10.05"]
[Round "2.5"]
[White "Meier, Georg"]
[Black "Figura, Atila Gajo"]
[Result "1-0"]
[WhiteElo "2556"]
[BlackElo "2407"]
[PlyCount "91"]
[EventDate "2008.??.??"]

1. e4 e5 2. Nf3 Nc6 3. Bb5 a6 4. Bxc6 dxc6 5. O-O Be7 6. Nxe5 Qd4 7. Qh5 g6 8.
Nf3 Qxe4 9. Qa5 b6 10. Qc3 Bf6 11. d4 Ne7 12. Re1 Qd5 13. Bf4 Bg4 14. Nbd2 Bxf3
15. Nxf3 Kd8 16. Be5 Bxe5 17. dxe5 Qc5 18. Rad1+ Ke8 19. Qxc5 bxc5 20. c4 Nf5
21. e6 Nd6 22. exf7+ Kxf7 23. b3 Rhe8 24. Ne5+ Kf6 25. Nd7+ Kf5 26. Nxc5 a5 27.
f3 a4 28. Nxa4 Rxe1+ 29. Rxe1 Nxc4 30. Re2 Nb6 31. Nc5 Nd5 32. a4 Ra5 33. Nd3
Ra6 34. Kf2 Rb6 35. Nc5 h5 36. h4 Rb8 37. Re6 Nb4 38. Re4 g5 39. g3 Na2 40.
hxg5 Kxg5 41. Re5+ Kg6 42. Re6+ Kf5 43. Rxc6 Nc1 44. Rxc7 Nxb3 45. Ke3 Rb4 46.
Rb7 1-0